000 00609nam a2200241Ia 4500
003 OSt
005 20221005121258.0
006 a|||||r|||| 00| 0
007 ta
008 221004b |||||||| |||| 00| 0 ger d
024 _a65022
037 _cTextual
040 _aCRL
_cCRL
_bger
041 _2ger
_ager
082 _aX, 113F2.2,1
100 _aVon Philippovich Fugen
_9630325
245 0 _aGrundriss der politischen oekonomie
250 _a13th
260 _c1922
650 _aECONOMICS
942 _hX, 113F2.2,1
_cTEXL
_2cc
999 _c1040638
_d1040638